Sports Quiz

Random Sports or Football Quiz

Top 8 Sports in USA Quiz Stats

 Plays Quiz not verified by Sporcle

Score 0/8 Timer 03:00
0 Plays Today
Suggestions Sports % Correct
BatBaseball
99.4%
Laces on BallFootball
99.1%
FIFASoccer
98.8%
Icehockey
97.3%
CourtBasketball
97.3%
PoolSwimming
93%
TiresAuto racing
90.2%
Native American GameLacrosse
65.2%

You're not logged in!

Compare scores with friends on all Sporcle quizzes.
OR
Log In

Sporcle TV

Today on Sporcle TV


Watch our educational content, quiz creation guides, and fun videos on Sporcle TV.

Show Comments

Extras

Top Quizzes Today


Score Distribution

Your Account Isn't Verified!

In order to create a playlist on Sporcle, you need to verify the email address you used during registration. Go to your Sporcle Settings to finish the process.

Report this User

Report this user for behavior that violates our Community Guidelines.

Details: